| 000 | 02649nim a2200421 i 4500 | ||
|---|---|---|---|
| 001 | 197407 | ||
| 003 | ES-MaACL | ||
| 005 | 20250828062643.0 | ||
| 007 | ss lsnjlcipnne | ||
| 008 | 060525s1990 sp nnnn |||| 00| spa d | ||
| 040 |
_bspa _cES-MaACL |
||
| 245 | 0 | 0 |
_aDel deseo _h[Grabación sonora] : _bjornadas para una aproximación crítica |
| 260 |
_aMadrid : _bAteneo de Madrid, _c1991 |
||
| 300 |
_a4 casetes (ca. 360 min) : _bson. ; _c11 cm |
||
| 490 | 1 | _3Actos culturales en el Ateneo de Madrid | |
| 511 | _aEl día 28 de noviembre de 1991 intervienen Juan Bautista Fuentes, profesor de Psicología en la UCM y Eugenio Fernández, profesor de Filosofía Moderna y coordinador del master de Psicoanálisis de la UCM. El día 29 de noviembre de 1991 intervienen Carmen Gallano, psiquiatra y Carlos Gurméndez, filosofo y escritor. | ||
| 518 | _aGrabado el 28 y 29 de noviembre de 1991 en el Salón de Actos del Ateneo de Madrid. | ||
| 520 | _aEn la grabación sonora "Del deseo", realizada en el marco de unas jornadas organizadas por la Sección de Filosofía del Ateneo de Madrid, participaron Juan Bautista Fuentes Ortega, Eugenio Fernández García, Carmen Gallano y Carlos Gurméndez con el objetivo de ofrecer una aproximación crítica al concepto de deseo, considerado un tema de interés permanente. A lo largo de la sesión se abordó el deseo desde distintas perspectivas teóricas, centrándose especialmente en los paradigmas psicológicos, y analizando cómo ha sido entendido en diversas corrientes de pensamiento, desde el psicoanálisis hasta la psicología cognitiva, mostrando su complejidad, su papel en la subjetividad humana y su función estructurante en la vida psíquica y social. | ||
| 540 | _aDocumento inédito | ||
| 594 | _5Datos basados en la invitación. | ||
| 610 | 2 | 0 |
_aAteneo de Madrid- _xActos culturales- _y1991- _vGrabaciones sonoras _9240452 |
| 650 | 7 |
_9144678 _aDeseo |
|
| 653 | _aArchivo de la palabra | ||
| 655 | 0 |
_aConferencias _9234444 |
|
| 700 | 0 |
_952937 _aFuentes Ortega, Juan Bautista _eora |
|
| 700 | 1 |
_9139526 _aFernández García, Eugenio _eora |
|
| 700 | 1 |
_9240599 _aGallano, Carmen _eora |
|
| 700 | 1 |
_960986 _aGurméndez, Carlos ( _eora _d1917-1997) |
|
| 710 | 2 |
_aAteneo de Madrid. _ehis _bSección de Filosofía _91992 |
|
| 830 | 0 |
_aActos culturales en el Ateneo de Madrid _9240237 |
|
| 852 |
_aES-MaACL _cDEPOZ _pCinta 1 _9205775 |
||
| 852 |
_aES-MaACL _cDEPOZ _pCinta 2 _9205776 |
||
| 852 |
_aES-MaACL _cDEPOZ _pCinta 3 _9205777 |
||
| 852 |
_aES-MaACL _cDEPOZ _pCinta 4 _9205778 |
||
| 942 |
_2udc _n0 _cCINTASAUD |
||
| 999 |
_c197407 _d197407 |
||